| 000 | 00673nam a22002297a 4500 | ||
|---|---|---|---|
| 003 | UA-OsUOA | ||
| 001 | 42581 | ||
| 007 | ta | ||
| 008 | 20061113b un ||||| |||| 00| 0 ukr d | ||
| 090 |
_a34(094):343(477) _bУ45 |
||
| 942 | _cBK | ||
| 040 |
_aUA-OsUOA _bukr _cUA-OsUOA _dUA-OsUOA |
||
| 245 |
_aНауково-практичний кометар до Кримінального кодексу України _cС. С. Яценко |
||
| 300 | _a848 с. | ||
| 955 | _a2 | ||
| 041 | _aukr | ||
| 080 | _a34(094):343(477) | ||
| 020 | _a966-539-464-9 | ||
| 260 |
_aК. _bА. С. К. _c2004 |
||
| 650 | 7 |
_a34 Право. Юриспруденція _2UDC |
|
| 999 |
_c328715 _d328715 |
||